000 00752nam a22002297a 4500
003 DO-SdBNP
005 20220610132257.0
007 ta
008 110301s2018 dr 000 0 spa d
020 _a9789945804942
040 _aDO-SdBNP
_bspa
_cBNPHU
082 4 _axxxx
_bC796b
100 1 _aCordones Jhonson, Manuel Antonio
_953018
_d1957-
245 1 0 _aBulto, aguaje y movimiento /
_cManuel Antonio Cordones Jhonson
260 _aSanto Domingo :
_bPedro S. Ramírez,
_c2018.
300 _a44 p. :
_c21 cm.
500 _aIncluye datos biográficos del autor en la contraportada.
590 _aInventariado, 2022/ YL
590 _aLa biblioteca posee tres (3) ejemplares autografiados por el autor.
910 _aYLockward
942 _2ddc
_cLF2
999 _c52010
_d52010